000 00905cam a2200229Ia 4500
008
049 _aMAIN
090 _aT57.6INT
111 2 _aInternational Conference on Operational Research
_n(10th :
_d1984 :
_cWashington, D.C.)
245 1 0 _aOperational research '84 :
_babstracts : Tenth IFORS International Conference on Operational Research, Washington, D.C., U.S.A., August 6-10, 1984 /
_cedited by P.N. Belshaw.
260 _aAmsterdam ;
_aNew York :
_bNorth-Holland,
_c1984.
300 _a121 p. ;
_c22 cm.
650 0 _aOperational research
_xCongresses
_vAbstracts.
700 1 _aBelshaw, P. N.
710 2 _aInternational Federation of Operational Research Societies.
740 0 _aOperational research eighty-four.
907 _a.b10071301
_b05-01-06
_c17-04-03
003
005 20230123133833.0
040 _cNUST
942 _cBOOKS
_kT57.6INT
999 _c155472
_d155472